Statistiques concernant Culture Générale - Série 605

Cliquez ici pour prendre le quiz!

Statistiques générales

  • Ce quiz a été pris 177 fois
  • Le résultat moyen est 6 sur 10

Statistiques - réponses

QuestionRéponse% Correct
Quelles confiseries d'Annie sont à l'anis dans la chanson de Serge Gainsbourg ?sucettes
92%
Au théâtre, quel mot dérivé de "tirer", désigne ce qu'un personnage débite sans être interrompu ?tirade
90%
En 1996, quelle reine de la pop a incarné Eva Peron dans le film "Evita" ?Madonna
86%
Depuis les années 1980, quelle ressource naturelle constitue la principale source de revenus du Yémen ?pétrole
80%
En 2005, quelle chanteuse fait saliver les garçons, avec sa chanson : "La Femme chocolat" ?Olivia Ruiz
79%
Dans quelle ville européenne, la Cour internationale de justice siège-t-elle ?La Haye
71%
Le film d'Ettore Scola, dans lequel une famille convoite le magot d'un patriarche odieux s'intitule : "Affreux, sales et...méchants
60%
En 1992, quel chanteur a reçu le César du meilleur acteur pour son interprétation dans le film : "Van Gogh" ?Jacques Dutronc
43%
Pour faire un fricandeau, de quoi pique-t-on sa tranche de veau ?lard
21%
Quel est le prénom du fils aîné de Caroline de Monaco ?Andrea
15%

Distribution des résultats

Percentile par nombre de réponses

% des personnes avec chaque résultat

Votre développement - résultats

Vous n’avez pas pris ce quiz